000 00754nam a22002537a 4500
005 20170123162342.0
010 _aB-029332
020 _c150.00
035 _aB-029332
037 _bCen Lib/Ret
040 _aDPL
_bUR
082 _aک
_bا ن ص
100 _aانصاری، اقبال
_9596
245 _aآدمی /
_cاقبال انصاری
246 _aAadami /
_bby Iqbal Ansari
260 _aدہلی
_bمحمّد شیر ازائف
_c1999
270 _bدہلی
_a١٧٦ پندو نگر
_e110092
300 _a144p.
_c21cm(Hb)
650 _aادب -- اردو
_9127808
650 _aاردو کہانیاں
_9127809
650 _aLiterature -- Urdu
_9127810
650 _aUrdu stories
_9127811
942 _2ddc
_cUR
_hک
_mا ن ص
999 _c108607
_d108607